书目信息 |
| 题名: |
地理学的数学模型与应用
|
|
| 作者: | 刘昌明 岳天祥 周成虎 | |
| 分册: | ||
| 出版信息: | 北京 科学出版社 2000 |
|
| 页数: | 185页 | |
| 开本: | 26cm | |
| 丛书名: | ||
| 单 册: | ||
| 中图分类: | P91 | |
| 科图分类: | ||
| 主题词: | 数理地理学 | |
| 电子资源: | ||
| ISBN: | 7-03-008596-5 | |
| 000 | 00796nam0 2200193 450 | |
| 001 | 0736196517 | |
| 005 | 20070924100316.51 | |
| 010 | @a7-03-008596-5@d¥28.00 | |
| 100 | @a20070924d km y0chiy0120 ea | |
| 101 | 0 | @achi |
| 200 | 1 | @a地理学的数学模型与应用@Adi li xue de shu xue mo xing yu ying yong@e1934-1999年《地理学报》中的数学模型及公式汇编@f刘昌明 岳天祥 周成虎@Fliu chang ming yue tian xiang zhou cheng hu |
| 210 | @a北京@c科学出版社@d2000 | |
| 215 | @a185页@d26cm | |
| 517 | 1 | @a1934-1999年《地理学报》中的数学模型及公式汇编@A1934-1999 nian《di li xue bao》zhong de shu xue mo xing ji gong shi hui bian |
| 606 | 0 | @a数理地理学 |
| 690 | @aP91@v3 | |
| 701 | 0 | @a刘昌明 岳天祥 周成虎@Aliu chang ming yue tian xiang zhou cheng hu |
| 801 | 0 | @aCN@bPFT@c20070924 |
| 905 | @a213230@dP91@eZY8@f1 | |
| 地理学的数学模型与应用:1934-1999年《地理学报》中的数学模型及公式汇编/刘昌明 岳天祥 周成虎.-北京:科学出版社,2000 |
| 185页;26cm |
| ISBN 7-03-008596-5:¥28.00 |
| ● |
| 相关链接 |
|
|
|
|
正题名:地理学的数学模型与应用
索取号:P91/ZY8
 
预约/预借
| 序号 | 登录号 | 条形码 | 馆藏地/架位号 | 状态 | 备注 |
| 1 | 7900707 | 279007076 | 密集书库-资源管理系/ [索取号:P91/ZY8] | 在馆 |